000 00736cab a2200229 4500
001 X3355
008 090401t1996 xxu||||| |||| 00| 0 eng d
035 _a(Sirsi) u29937
041 _aeng
100 _aMoreton, P.
245 _aWhy competence is vital
260 _c1996
350 _a0
490 _aCSM (Chartered Surveyor Monthly)
_v5(5) February 1996, 48(1)
520 _aEmphasises the need for practical experience in valuations, and examines where the cause of errors in a surveyor`s judgement may originate from.
650 _aAPC
_96216
650 _aCAREERS, EDUCATION AND TRAINING
650 _aEXPERIENCE
690 _aMANAGEMENT-BUSINESS MANAGEMENT-PROFESSIONAL PRACTICE
942 _n0
948 _c04/03/1997
999 _c20140
_d20140